Diseño de una base de datos de imágenes para televisión /

Se propone aquí un método para analizar y clasificar imágenes de los noticieros de televisión, con el fin de integrar una base de datos que sirva a las mismas televisoras.

-д хадгалсан:
Номзүйн дэлгэрэнгүй
Үндсэн зохиолч: Caldera Serrano, Jorge (autor)
Бусад зохиолчид: Nuño Moral, María Victoria (autor) (autor)
Формат: Ном
Хэл сонгох:испани
Хэвлэсэн: Gijón, España : Trea, 2004, c2004
Цуврал:(Biblioteconomía y Administración Cultural ; 90)
Нөхцлүүд:
Шошгууд: Шошго нэмэх
Шошго байхгүй, Энэхүү баримтыг шошголох эхний хүн болох!

MARC

LEADER 00000nam^a2200000^a^4500
001 000181746
005 20250521000000.0
009 20260310101942.787
020 |a 84-9704-100-3 
037 |a Acervo ITESO - Biblioteca 
041 |a ESP 
082 |a 302. 234028  |b CAL 
100 |a Caldera Serrano, Jorge  |e (autor) 
245 1 0 |a Diseño de una base de datos de imágenes para televisión /  |c J. Caldera Serrano, M.V. Nuño Moral. 
264 4 |a Gijón, España :  |b Trea,  |c 2004, c2004 
300 |a 188 p. 
336 |a texto  |b txt  |2 rdacontenido 
337 |a sin mediación  |b n  |2 rdamedio 
338 |a volumen  |b nc  |2 rdasoporte 
440 1 |a (Biblioteconomía y Administración Cultural ;  |v 90) 
520 |a Se propone aquí un método para analizar y clasificar imágenes de los noticieros de televisión, con el fin de integrar una base de datos que sirva a las mismas televisoras. 
649 |a XX 
650 |a Noticieros -  |x Clasificación 
650 |a Documentos -  |x Clasificación 
650 |a Análisis de Contenido 
650 |a Bases de Datos 
650 |a Sistemas de Información 
650 |a Documentación 
650 |a Biblioteconomía 
650 |a Géneros Televisivos 
650 |a Televisión 
650 |a Medios de Comunicación 
650 |a Comunicación Masiva 
700 |a Nuño Moral, María Victoria  |e (autor) 
910 |a Fondo General 
920 |a Impresos - Libros 
930 |a Colección General 
905 |a 101 
901 |a 0500121438  |b IT1  |c ACC  |u 20250521 
902 |a https://opac.biblio.iteso.mx/vufind/Record/000181746